000 00744nam a2200265Ia 4500
005 20250425162444.0
008 250425s9999 xx 000 0 und d
020 _a9789871117833
041 _aspa
043 _aag
082 _a814
100 _aLEVITT, STEVEN D.
245 0 _aSUPERFREAKONOMICS: ENFRIAMIENTO GLOBAL, PROSTITUTAS PATRIOTICAS Y PORQUE LOS TERRORISTAS SUICIDAS DEBERIAN CONTRATAR UN SEGURO DE VIDA
250 _a11A ED.
260 _aArgentina
_bDEBATE
_c2010
260 _aBUENOS AIRES
300 _a318
500 _aTítulo Traducido: SUPERFREAKONOMICS
650 _aENSAYOS
650 _aESTADOS UNIDOS
700 _aJuan Manuel Ibeas
_etraductor
710 _aDEBATE
942 _c01
010 _a75399
999 _c229587
_d229587